[Event "?"]
[Site "gics rated lightning game, gi"]
[Date "1997.??.??"]
[Round "?"]
[White "Brause"]
[Black "Pfiffigunde"]
[Result "1-0"]
[WhiteElo "2265"]
[BlackElo "1800"]
[PlyCount "67"]

1. e4 e5 2. Nf3 Nf6 3. Nc3 Nc6 4. Nxe5 Nxe5 5. d4 Ng6 6. e5 Ng8 7. Bc4 Bb4 8.
Qf3 Bxc3+ 9. bxc3 f6 10. O-O d5 11. Bxd5 c6 12. Be4 fxe5 13. Bxg6+ hxg6 14. Re1
Qf6 15. Rxe5+ Ne7 16. Ba3 Qxf3 17. Rxe7+ Kd8 18. gxf3 Rf8 19. Rxb7 Bxb7 20.
Bxf8 c5 21. Bxc5 Bxf3 22. Rb1 a6 23. Rb6 Be4 24. Re6 Bxc2 25. Re7 Rb8 26. Rxg7
Rb1+ 27. Kg2 Rb7 28. Rg8+ Kd7 29. Kf3 Kc6 30. Rd8 Rd7 31. Rc8+ Kd5 32. Bb6 Be4+
33. Ke3 Rb7 34. c4+ 1-0

[Event "?"]
[Site "gics rated lightning game, gi"]
[Date "1997.??.??"]
[Round "?"]
[White "Brause"]
[Black "Pfiffigunde"]
[Result "1-0"]
[WhiteElo "2270"]
[BlackElo "1800"]
[PlyCount "27"]

1. e4 e5 2. Nf3 Nf6 3. Nc3 Nc6 4. Nxe5 Nxe5 5. d4 Ng6 6. e5 Ng8 7. Bc4 c6 8.
Qf3 f6 9. O-O d5 10. exd6 Bxd6 11. Ne4 N8e7 12. Qxf6 gxf6 13. Nxf6+ Kf8 14.
Bh6# 1-0

[Event "?"]
[Site "gics rated lightning game, gi"]
[Date "1997.??.??"]
[Round "?"]
[White "Brause"]
[Black "Pfiffigunde"]
[Result "1-0"]
[WhiteElo "2270"]
[BlackElo "1795"]
[PlyCount "25"]

1. e4 e5 2. Nf3 Nf6 3. Nc3 Nc6 4. Nxe5 Nxe5 5. d4 Ng6 6. e5 Ng8 7. Bc4 Bb4 8.
Qf3 Qe7 9. O-O Bxc3 10. bxc3 d5 11. Bxd5 c6 12. Bxc6+ bxc6 13. Qxc6+ 1-0

[Event "?"]
[Site "gics rated lightning game, gi"]
[Date "1997.??.??"]
[Round "?"]
[White "Brause"]
[Black "Pfiffigunde"]
[Result "1-0"]
[WhiteElo "2275"]
[BlackElo "1795"]
[PlyCount "53"]

1. e4 e5 2. Nf3 Nf6 3. Nc3 Nc6 4. Nxe5 Nxe5 5. d4 Ng6 6. e5 Ng8 7. Bc4 d6 8.
Qf3 Qe7 9. Bb5+ Kd8 10. O-O c6 11. exd6 Qxd6 12. Ne4 Qd5 13. Be2 Nf6 14. Bg5
Qf5 15. d5 Qxf3 16. Bxf3 cxd5 17. Nxf6 gxf6 18. Bxf6+ Be7 19. Bxh8 Nxh8 20.
Bxd5 Kc7 21. Rfe1 Bd6 22. Re8 Ng6 23. Bxf7 Ne5 24. Be6 Bxe6 25. Rxa8 a6 26. Re1
Bc8 27. a4 1-0

[Event "?"]
[Site "gics rated lightning game, gi"]
[Date "1997.??.??"]
[Round "?"]
[White "Brause"]
[Black "Pfiffigunde"]
[Result "1-0"]
[WhiteElo "2275"]
[BlackElo "1795"]
[PlyCount "63"]

1. e4 e5 2. Nf3 Nf6 3. Nc3 Nc6 4. Nxe5 Nxe5 5. d4 Ng6 6. e5 Ng8 7. Bc4 Bb4 8.
Qf3 Bxc3+ 9. bxc3 f6 10. O-O d5 11. Bxd5 c6 12. Bb3 Qe7 13. Re1 f5 14. a4 Be6
15. Rb1 Bxb3 16. Rxb3 Qe6 17. Rxb7 N8e7 18. Ba3 O-O 19. Bd6 Rfd8 20. Bc5 Nd5
21. Bxa7 Rd7 22. Rb8+ Rxb8 23. Bxb8 Rb7 24. Bd6 Ra7 25. c4 Nde7 26. Qb3 f4 27.
Bxe7 Qxe7 28. c5+ Kh8 29. Rb1 h5 30. Qf3 Qg5 31. Qxc6 Nh4 32. Qe4 1-0

[Event "?"]
[Site "gics rated lightning game, gi"]
[Date "1997.??.??"]
[Round "?"]
[White "Brause"]
[Black "Pfiffigunde"]
[Result "1-0"]
[WhiteElo "2285"]
[BlackElo "1785"]
[PlyCount "43"]

1. e4 e5 2. Nf3 Nf6 3. Nc3 Nc6 4. Nxe5 Nxe5 5. d4 Ng6 6. e5 Ng8 7. Bc4 Bb4 8.
Qf3 Bxc3+ 9. bxc3 Qe7 10. O-O c6 11. a4 f5 12. Bxg8 Rxg8 13. Qxf5 d5 14. Qh5
Qh4 15. Qxh4 Nxh4 16. Rb1 Kd8 17. Bg5+ Kc7 18. Bxh4 Bf5 19. Rb2 Raf8 20. Be7
Rf7 21. Bd6+ Kd7 22. Rxb7+ 1-0

[Event "?"]
[Site "gics rated lightning game, gi"]
[Date "1997.??.??"]
[Round "?"]
[White "Brause"]
[Black "Pfiffigunde"]
[Result "1-0"]
[WhiteElo "2285"]
[BlackElo "1785"]
[PlyCount "71"]

1. e4 e5 2. Nf3 Nf6 3. Nc3 Nc6 4. Nxe5 Nxe5 5. d4 Ng6 6. e5 Ng8 7. Bc4 Bb4 8.
Qf3 Bxc3+ 9. bxc3 Qe7 10. O-O c6 11. a4 f5 12. Qxf5 d5 13. exd6 Bxf5 14. dxe7
N8xe7 15. Bb3 O-O-O 16. a5 Nd5 17. Bb2 Rde8 18. c4 Nb4 19. d5 Bxc2 20. Ra4 Bxb3
21. Rxb4 Bc2 22. dxc6 bxc6 23. Bxg7 Rhg8 24. Bh6 Re2 25. g3 Rge8 26. Be3 Be4
27. Bxa7 Bf3 28. Rb3 Bg4 29. a6 Ra2 30. f3 Bh3 31. Rb8+ Kd7 32. Rd1+ Kc7 33.
Rxe8 Rxa6 34. Rg8 Rxa7 35. Rg7+ Kb6 36. c5+ 1-0

[Event "?"]
[Site "gics rated lightning game, gi"]
[Date "1997.??.??"]
[Round "?"]
[White "Brause"]
[Black "Pfiffigunde"]
[Result "1-0"]
[WhiteElo "2285"]
[BlackElo "1790"]
[PlyCount "49"]

1. e4 e5 2. Nf3 Nf6 3. Nc3 Nc6 4. Nxe5 Nxe5 5. d4 Ng6 6. e5 Ng8 7. Bc4 Bb4 8.
Qf3 Bxc3+ 9. bxc3 Qe7 10. O-O c6 11. a4 f5 12. a5 d5 13. exd6 Qxd6 14. Re1+
N8e7 15. Ba3 Qc7 16. Rxe7+ Nxe7 17. Re1 Rf8 18. Bxe7 Qxe7 19. Rxe7+ Kxe7 20.
Qg3 g6 21. Qe5+ Kd7 22. Be6+ Kd8 23. a6 Bxe6 24. Qd6+ Kc8 25. Qxf8+ 1-0

[Event "?"]
[Site "gics rated lightning game, gi"]
[Date "1997.??.??"]
[Round "?"]
[White "Brause"]
[Black "Pfiffigunde"]
[Result "1-0"]
[WhiteElo "2285"]
[BlackElo "1785"]
[PlyCount "35"]

1. e4 e5 2. Nf3 Nf6 3. Nc3 Nc6 4. Nxe5 Nxe5 5. d4 Ng6 6. e5 Ng8 7. Bc4 Bb4 8.
Qf3 Qe7 9. O-O c6 10. Ne4 f5 11. Ng5 Nh6 12. Qh5 d5 13. exd6 Bxd6 14. Nxh7 Qh4
15. Qxg6+ Kd7 16. Qxg7+ Be7 17. Qxh8 Ng4 18. h3 1-0

[Event "?"]
[Site "gics rated lightning game, gi"]
[Date "1997.??.??"]
[Round "?"]
[White "Brause"]
[Black "Pfiffigunde"]
[Result "1-0"]
[WhiteElo "2285"]
[BlackElo "1785"]
[PlyCount "41"]

1. e4 e5 2. Nf3 Nf6 3. Nc3 Nc6 4. Nxe5 Nxe5 5. d4 Ng6 6. e5 Ng8 7. Bc4 f6 8.
Qh5 fxe5 9. Bd3 Nf6 10. Bxg6+ hxg6 11. Qxg6+ Ke7 12. dxe5 d6 13. exf6+ gxf6 14.
O-O Be6 15. Re1 Kd7 16. Qe4 Qe8 17. Qxb7 Rb8 18. Qxa7 Bh6 19. Bxh6 Rxh6 20.
Rxe6 Qxe6 21. Qxb8 1-0

[Event "?"]
[Site "gics rated lightning game, gi"]
[Date "1997.??.??"]
[Round "?"]
[White "Brause"]
[Black "Pfiffigunde"]
[Result "1-0"]
[WhiteElo "2285"]
[BlackElo "1780"]
[PlyCount "86"]

1. e4 e5 2. Nf3 Nf6 3. Nc3 Nc6 4. Nxe5 Nxe5 5. d4 Ng6 6. e5 Ng8 7. Bc4 d6 8.
Qf3 f6 9. O-O dxe5 10. dxe5 Nxe5 11. Qe4 Bc5 12. Rd1 Qe7 13. Nd5 Qd6 14. Bf4 c6
15. Nb6 axb6 16. Rxd6 Bxd6 17. Bxg8 Rxg8 18. Bxe5 fxe5 19. Rd1 Bc7 20. Qxh7 Be6
21. a3 Kf7 22. Qh5+ g6 23. Qh7+ Rg7 24. Qh4 Kg8 25. a4 Re8 26. Qe4 Bd5 27. Qe2
Rge7 28. c4 Be6 29. Re1 Kg7 30. Qe4 Bf5 31. Qe3 Rd7 32. Qc3 Red8 33. Qb4 Rd1
34. Qe7+ Kh6 35. Rf1 Rxf1+ 36. Kxf1 Rd7 37. Qh4+ Kg7 38. b3 b5 39. cxb5 cxb5
40. axb5 Ba5 41. b4 Bd3+ 42. Ke1 Bb6 43. Qg4 Bf5 1-0

[Event "?"]
[Site "gics rated lightning game, gi"]
[Date "1997.??.??"]
[Round "?"]
[White "Brause"]
[Black "Pfiffigunde"]
[Result "1-0"]
[WhiteElo "2290"]
[BlackElo "1780"]
[PlyCount "78"]

1. e4 e5 2. Nf3 Nf6 3. Nc3 Nc6 4. Nxe5 Nxe5 5. d4 Ng6 6. e5 Ng8 7. Bc4 d6 8.
Qf3 f6 9. O-O dxe5 10. dxe5 Nxe5 11. Qe4 Bc5 12. Rd1 Qe7 13. Nd5 Qd6 14. Bf4 c6
15. Nb6 axb6 16. Rxd6 Bxd6 17. Bxg8 Rxg8 18. Bxe5 fxe5 19. Rd1 Bc7 20. Qxh7 Be6
21. Qg6+ Ke7 22. Qg5+ Kf7 23. Qh5+ Ke7 24. Qh4+ Kf7 25. a4 Rad8 26. Qh5+ Ke7
27. Re1 Rd7 28. Qg6 Bf7 29. Qg5+ Ke8 30. f4 Re7 31. fxe5 Rh8 32. Qxg7 Rg8 33.
Qf6 Rg6 34. Qh8+ Rg8 35. Qh3 Be6 36. Qh5+ Bf7 37. Qf5 Be6 38. Qf6 Bd5 39. Re2
Rf8 1-0

[Event "?"]
[Site "gics rated lightning game, gi"]
[Date "1997.??.??"]
[Round "?"]
[White "Brause"]
[Black "Wildsau"]
[Result "1-0"]
[WhiteElo "2295"]
[BlackElo "2345"]
[PlyCount "137"]

1. e4 e5 2. Nf3 Nc6 3. Nc3 Nf6 4. Nxe5 Nxe5 5. d4 Ng6 6. e5 Ng8 7. Bc4 d6 8.
Qf3 Qd7 9. O-O dxe5 10. dxe5 c6 11. Re1 Qc7 12. Bg5 Be6 13. Bxe6 fxe6 14. Rad1
Nxe5 15. Qh3 Nf7 16. Rxe6+ Be7 17. Bxe7 Nxe7 18. Rde1 Kf8 19. Rxe7 Qxe7 20.
Rxe7 Kxe7 21. Qh4+ Ke6 22. Qg4+ Ke7 23. Qxg7 Rad8 24. Qg3 Kd7 25. Qg4+ Kc7 26.
f3 Nd6 27. Qg7+ Kb8 28. Kf2 h6 29. h4 b5 30. a4 a6 31. h5 Nc4 32. b3 Na3 33.
Qe5+ Ka8 34. Ne2 Rc8 35. axb5 axb5 36. g4 Rhd8 37. c4 Rd3 38. Qe6 Kb8 39. Nd4
Kb7 40. Nxb5 Nxb5 41. cxb5 Rc7 42. f4 Rh3 43. g5 Rh2+ 44. Kg3 Rc2 45. Qxh6 cxb5
46. Qd6 R7c6 47. Qd7+ Kb6 48. h6 R6c3+ 49. Kh4 Rh2+ 50. Kg4 Rcc2 51. h7 Rhg2+
52. Kf5 Rc5+ 53. Kg6 Rh2 54. Qd8+ Rc7 55. h8=Q Rxh8 56. Qxh8 Rc6+ 57. Kf5 Rc5+
58. Ke4 Rc2 59. g6 Rg2 60. g7 Kc6 61. g8=Q Rxg8 62. Qxg8 Kd6 63. f5 Ke7 64. Ke5
Kd7 65. f6 Kc7 66. f7 Kb6 67. f8=Q Kb7 68. Qd6 b4 69. Qgb8# 1-0

[Event "?"]
[Site "gics rated standard game, gic"]
[Date "1997.??.??"]
[Round "?"]
[White "Brause"]
[Black "Wildsau"]
[Result "1-0"]
[WhiteElo "2080"]
[BlackElo "2165"]
[PlyCount "135"]

1. e4 e5 2. Nf3 Nc6 3. Nc3 Nf6 4. Nxe5 Nxe5 5. d4 Ng6 6. e5 Ng8 7. Bc4 d6 8.
Qf3 Qd7 9. O-O dxe5 10. dxe5 Nxe5 11. Re1 Bd6 12. Bf4 f6 13. Bb5 c6 14. Rad1
Qe6 15. Qg3 g5 16. Bxe5 Bxe5 17. f4 cxb5 18. fxe5 Kf7 19. exf6 Qb6+ 20. Re3 h6
21. Qe5 Bg4 22. Rd6 Qc7 23. Qd5+ Kf8 24. Nxb5 Qh7 25. Rd8+ Rxd8 26. Qxd8+ Kf7
27. Nd6+ Kg6 28. f7 Nf6 29. f8=N+ Rxf8 30. Qxf8 Qg8 31. Qxg8+ Nxg8 32. Nxb7 Bd1
33. c4 Kh5 34. Rh3+ Kg4 35. Ra3 Ne7 36. Rxa7 Nc6 37. Ra6 Nb4 38. Rd6 Bc2 39. c5
Kf5 40. Nd8 Ke4 41. c6 Nd5 42. Rxh6 Bb1 43. a3 g4 44. Ne6 Ne7 45. c7 Ke5 46.
Ng7 Kd5 47. Rh8 Kd6 48. Re8 Kxc7 49. Rxe7+ Kc6 50. Re3 Kd5 51. Rg3 Bc2 52. Rxg4
Bd1 53. Rg5+ Kc4 54. b4 Kb3 55. b5 Bc2 56. Re5 Bd3 57. Re3 Kc2 58. Rxd3 Kxd3
59. b6 Kc3 60. b7 Kb2 61. a4 Kb3 62. a5 Kc4 63. b8=Q Kd3 64. a6 Ke4 65. Qd6 Ke3
66. a7 Ke2 67. a8=Q Ke1 68. Qe8# 1-0

[Event "?"]
[Site "gics rated lightning game, gi"]
[Date "1997.??.??"]
[Round "?"]
[White "Brause"]
[Black "Pfiffigunde"]
[Result "1-0"]
[WhiteElo "2300"]
[BlackElo "1785"]
[PlyCount "35"]

1. e4 e5 2. Nf3 Nf6 3. Nc3 Nc6 4. Nxe5 Nxe5 5. d4 Ng6 6. e5 Ng8 7. Bc4 Bb4 8.
Qf3 f5 9. h4 N8e7 10. h5 Nf8 11. O-O c6 12. h6 g6 13. Ne4 Nd5 14. Bxd5 cxd5 15.
Nf6+ Kf7 16. Qxd5+ Ne6 17. Qc4 Be7 18. d5 1-0

[Event "?"]
[Site "gics rated lightning game, gi"]
[Date "1997.??.??"]
[Round "?"]
[White "Brause"]
[Black "Pfiffigunde"]
[Result "1-0"]
[WhiteElo "2305"]
[BlackElo "1785"]
[PlyCount "67"]

1. e4 e5 2. Nf3 Nf6 3. Nc3 Nc6 4. Nxe5 Nxe5 5. d4 Ng6 6. e5 Ng8 7. Bc4 Bb4 8.
Qf3 f5 9. h4 N8e7 10. h5 Bxc3+ 11. Qxc3 Nf8 12. h6 g6 13. Bg5 d5 14. exd6 cxd6
15. O-O-O d5 16. Bf6 Rg8 17. Rhe1 Be6 18. Bb5+ Kf7 19. Be5 Rc8 20. Qb3 a6 21.
Be2 Nc6 22. Qxb7+ Qd7 23. Bxa6 Nxe5 24. Qxc8 Qxc8 25. Bxc8 Bxc8 26. dxe5 Be6
27. Kd2 Nd7 28. a4 Ra8 29. b3 g5 30. Re2 Kg6 31. Rh1 Re8 32. Kd3 Bf7 33. Kd4
Rb8 34. e6 1-0

[Event "?"]
[Site "gics rated lightning game, gi"]
[Date "1997.??.??"]
[Round "?"]
[White "Brause"]
[Black "Pfiffigunde"]
[Result "1-0"]
[WhiteElo "2305"]
[BlackElo "1785"]
[PlyCount "31"]

1. e4 e5 2. Nf3 Nf6 3. Nc3 Nc6 4. Nxe5 Nxe5 5. d4 Ng6 6. e5 Ng8 7. Bc4 Bb4 8.
Qf3 f5 9. h4 N8e7 10. h5 Bxc3+ 11. Qxc3 Nf8 12. h6 g6 13. Bg5 d5 14. exd6 cxd6
15. Bf6 Rg8 16. Bxg8 1-0

[Event "?"]
[Site "gics rated lightning game, gi"]
[Date "1997.??.??"]
[Round "?"]
[White "Brause"]
[Black "Pfiffigunde"]
[Result "1-0"]
[WhiteElo "2310"]
[BlackElo "1780"]
[PlyCount "53"]

1. e4 e5 2. Nf3 Nf6 3. Nc3 Nc6 4. Nxe5 Nxe5 5. d4 Ng6 6. e5 Ng8 7. Bc4 Bb4 8.
Qf3 f5 9. h4 N8e7 10. h5 Nf8 11. O-O Bxc3 12. h6 g6 13. Qxc3 d5 14. exd6 cxd6
15. Bg5 d5 16. Bf6 Rg8 17. Bb5+ Kf7 18. Be5 Bd7 19. Be2 Nc6 20. Qb3 Be6 21.
Qxb7+ Bd7 22. Bf3 Ne7 23. Bxd5+ Nxd5 24. Qxd5+ Be6 25. Qb7+ Nd7 26. d5 Ke8 27.
dxe6 1-0

[Event "?"]
[Site "gics rated lightning game, gi"]
[Date "1997.??.??"]
[Round "?"]
[White "Brause"]
[Black "Pfiffigunde"]
[Result "1-0"]
[WhiteElo "2310"]
[BlackElo "1780"]
[PlyCount "35"]

1. e4 e5 2. Nf3 Nf6 3. Nc3 Nc6 4. Nxe5 Nxe5 5. d4 Ng6 6. e5 Ng8 7. Bc4 Bb4 8.
Qf3 f5 9. h4 N8e7 10. h5 Nf8 11. O-O Bxc3 12. h6 g6 13. Qxc3 d5 14. exd6 cxd6
15. Bf4 d5 16. Be5 Rg8 17. Bb5+ Kf7 18. Bc7 1-0

[Event "?"]
[Site "gics rated lightning game, gi"]
[Date "1997.??.??"]
[Round "?"]
[White "Brause"]
[Black "Pfiffigunde"]
[Result "1-0"]
[WhiteElo "2310"]
[BlackElo "1775"]
[PlyCount "30"]

1. e4 e5 2. Nf3 Nf6 3. Nc3 Nc6 4. Nxe5 Nxe5 5. d4 Ng6 6. e5 Ng8 7. Bc4 Bb4 8.
Qf3 f5 9. h4 N8e7 10. h5 Nf8 11. O-O Bxc3 12. h6 g6 13. Qxc3 d5 14. exd6 cxd6
15. d5 Nd7 1-0

[Event "?"]
[Site "gics rated lightning game, gi"]
[Date "1997.??.??"]
[Round "?"]
[White "Brause"]
[Black "Pfiffigunde"]
[Result "1-0"]
[WhiteElo "2315"]
[BlackElo "1775"]
[PlyCount "37"]

1. e4 e5 2. Nf3 Nf6 3. Nc3 Nc6 4. Nxe5 Nxe5 5. d4 Ng6 6. e5 Ng8 7. Bc4 Bb4 8.
Qf3 f5 9. h4 N8e7 10. h5 Nf8 11. O-O Bxc3 12. h6 g6 13. Qxc3 d5 14. exd6 cxd6
15. d5 Rg8 16. Bg5 Nd7 17. Bb5 Kf7 18. Bxd7 Bxd7 19. Qf6+ 1-0

[Event "?"]
[Site "gics rated lightning game, gi"]
[Date "1997.??.??"]
[Round "?"]
[White "Brause"]
[Black "Pfiffigunde"]
[Result "1-0"]
[WhiteElo "2315"]
[BlackElo "1775"]
[PlyCount "43"]

1. e4 e5 2. Nf3 Nf6 3. Nc3 Nc6 4. Nxe5 Nxe5 5. d4 Ng6 6. e5 Ng8 7. Bc4 Bb4 8.
Qf3 f5 9. h4 N8e7 10. h5 Nf8 11. O-O Bxc3 12. h6 g6 13. Qxc3 b6 14. d5 Bb7 15.
d6 Nd5 16. Bxd5 Bxd5 17. e6 dxe6 18. dxc7 Qd6 19. Bg5 e5 20. c8=Q+ Rxc8 21.
Qxc8+ Kf7 22. Rad1 1-0

[Event "?"]
[Site "gics rated lightning game, gi"]
[Date "1997.??.??"]
[Round "?"]
[White "Brause"]
[Black "Pfiffigunde"]
[Result "1-0"]
[WhiteElo "2320"]
[BlackElo "1770"]
[PlyCount "29"]

1. e4 e5 2. Nf3 Nf6 3. Nc3 Nc6 4. Nxe5 Nxe5 5. d4 Ng6 6. e5 Ng8 7. Bc4 Bb4 8.
Qf3 Bxc3+ 9. bxc3 f5 10. h4 N8e7 11. h5 Nf8 12. Qg3 g6 13. Ba3 Ne6 14. hxg6
Nxg6 15. Qxg6+ 1-0

[Event "?"]
[Site "gics rated lightning game, gi"]
[Date "1997.??.??"]
[Round "?"]
[White "Brause"]
[Black "Pfiffigunde"]
[Result "1-0"]
[WhiteElo "2320"]
[BlackElo "1770"]
[PlyCount "37"]

1. e4 e5 2. Nf3 Nf6 3. Nc3 Nc6 4. Nxe5 Nxe5 5. d4 Ng6 6. e5 Ng8 7. Bc4 Bb4 8.
Qf3 f5 9. h4 N8e7 10. h5 Nf8 11. O-O Bxc3 12. h6 g6 13. Qxc3 d5 14. exd6 cxd6
15. d5 Rg8 16. Re1 Nd7 17. Bg5 Ne5 18. f4 Qb6+ 19. Kh1 1-0

[Event "?"]
[Site "gics rated lightning game, gi"]
[Date "1997.??.??"]
[Round "?"]
[White "Brause"]
[Black "Pfiffigunde"]
[Result "1-0"]
[WhiteElo "2315"]
[BlackElo "1775"]
[PlyCount "33"]

1. e4 e5 2. Nf3 Nf6 3. Nc3 Nc6 4. Nxe5 Nxe5 5. d4 Ng6 6. e5 Ng8 7. Bc4 d6 8.
Qf3 f6 9. O-O dxe5 10. dxe5 Nxe5 11. Qe4 Bc5 12. Rd1 Qe7 13. Nd5 Qd6 14. b4 c6
15. Ne3 Qxd1+ 16. Nxd1 Bxb4 17. Bxg8 1-0

[Event "?"]
[Site "gics rated lightning game, gi"]
[Date "1997.??.??"]
[Round "?"]
[White "Brause"]
[Black "Pfiffigunde"]
[Result "1-0"]
[WhiteElo "2315"]
[BlackElo "1770"]
[PlyCount "53"]

1. e4 e5 2. Nf3 Nf6 3. Nc3 Nc6 4. Nxe5 Nxe5 5. d4 Ng6 6. e5 Ng8 7. Bc4 Bb4 8.
Qf3 f5 9. h4 N8e7 10. h5 Nf8 11. O-O Ne6 12. Ne2 d5 13. exd6 Bxd6 14. h6 g6 15.
d5 Nc5 16. Be3 Ne4 17. Rad1 Ng8 18. Bd4 Ngf6 19. Rfe1 O-O 20. Qd3 Ng4 21. Qh3
Ng5 22. Qh1 Nh2 23. f4 Ng4 24. fxg5 Qxg5 25. Nc3 Nxh6 26. Nb5 Ng4 27. Nxc7 1-0

[Event "?"]
[Site "gics rated lightning game, gi"]
[Date "1997.??.??"]
[Round "?"]
[White "Brause"]
[Black "Wildsau"]
[Result "1-0"]
[WhiteElo "2320"]
[BlackElo "2335"]
[PlyCount "75"]

1. e4 e5 2. Nf3 Nf6 3. Nc3 Nc6 4. Nxe5 Nxe5 5. d4 Ng6 6. e5 Ng8 7. Bc4 d6 8.
Qf3 Qd7 9. O-O dxe5 10. dxe5 Nxe5 11. Re1 f6 12. Rxe5+ fxe5 13. Qh5+ Kd8 14.
Bxg8 Qf5 15. Bg5+ Be7 16. Bxe7+ Kxe7 17. Qh4+ Ke8 18. Nd5 Qd7 19. Re1 Qd6 20.
Qh5+ g6 21. Rxe5+ Kf8 22. Qh6+ Kxg8 23. Re8+ Kf7 24. Rxh8 Qxd5 25. Qxh7+ Kf6
26. Rf8+ Ke5 27. Qxc7+ Qd6 28. f4+ Kd5 29. c4+ Kd4 30. Qxd6+ Kxc4 31. Re8 Be6
32. Qxe6+ Kc5 33. Qe5+ Kc4 34. Qc3+ Kd5 35. Re5+ Kd6 36. Qc5+ Kd7 37. Re7+ Kd8
38. Qc7# 1-0

[Event "?"]
[Site "gics rated lightning game, gi"]
[Date "1997.??.??"]
[Round "?"]
[White "Brause"]
[Black "Wildsau"]
[Result "1-0"]
[WhiteElo "2320"]
[BlackElo "2335"]
[PlyCount "91"]

1. e4 e5 2. Nf3 Nc6 3. Nc3 Nf6 4. Nxe5 Nxe5 5. d4 Ng6 6. e5 Ng8 7. Bc4 d6 8.
Qf3 Qd7 9. O-O dxe5 10. dxe5 Nxe5 11. Re1 f6 12. Bf4 Bd6 13. Bb5 c6 14. Rad1
cxb5 15. Bxe5 fxe5 16. Ne4 Ke7 17. Nxd6 Qxd6 18. Rxd6 Kxd6 19. Qf8+ Ne7 20.
Qxh8 Nf5 21. Qxh7 a6 22. Qg6+ Be6 23. f4 Rf8 24. fxe5+ Ke7 25. Rf1 Rg8 26. Qg5+
Kd7 27. Rxf5 Bxf5 28. Qxf5+ Ke7 29. e6 Kd6 30. Qf7 Ra8 31. e7 b4 32. Qf8 Rxf8
33. exf8=Q+ Kd5 34. Qxg7 b5 35. Qb7+ Kd4 36. Qxa6 Kc5 37. h3 b3 38. cxb3 Kd4
39. g4 Kc5 40. g5 Kd5 41. g6 b4 42. g7 Kd4 43. g8=Q Ke3 44. Qg5+ Ke4 45. Qc4+
Kf3 46. Qgf4# 1-0

[Event "?"]
[Site "gics rated lightning game, gi"]
[Date "1997.??.??"]
[Round "?"]
[White "Brause"]
[Black "Wildsau"]
[Result "0-1"]
[WhiteElo "2335"]
[BlackElo "2320"]
[PlyCount "186"]

1. e4 e5 2. Nf3 Nc6 3. Nc3 Nf6 4. Nxe5 Nxe5 5. d4 Ng6 6. e5 Ng8 7. Bc4 d6 8.
Qf3 Qd7 9. O-O dxe5 10. dxe5 Nxe5 11. Re1 f6 12. Rxe5+ fxe5 13. Qh5+ Kd8 14.
Bxg8 Qf5 15. Bg5+ Kd7 16. Rd1+ Bd6 17. Bd5 c6 18. Be4 Qe6 19. Bxh7 Kc7 20. Qg6
Qxg6 21. Bxg6 Bg4 22. Rd2 Bb4 23. Rd3 Be6 24. a3 Bxc3 25. Rxc3 Bd5 26. f4 exf4
27. Bxf4+ Kd7 28. Be5 Rag8 29. Bf5+ Ke7 30. Re3 Kf7 31. b3 Re8 32. Bg4 Rhg8 33.
c4 Be6 34. Be2 b6 35. Bh5+ g6 36. Bf3 Bd7 37. Kf2 Re7 38. Bd4 Rxe3 39. Kxe3
Re8+ 40. Kf4 c5 41. Bd5+ Ke7 42. Be5 Rf8+ 43. Ke3 Be6 44. h4 Rf1 45. Be4 Re1+
46. Kf4 Bf5 47. Bxf5 Rf1+ 48. Ke4 Rxf5 49. Bf4 Rf8 50. g4 Rh8 51. Ke5 Kf7 52.
Bg5 Re8+ 53. Kd5 Rg8 54. b4 cxb4 55. axb4 a5 56. bxa5 bxa5 57. c5 a4 58. c6 a3
59. Bc1 a2 60. Bb2 Rb8 61. Bc3 Rd8+ 62. Ke5 Re8+ 63. Kd5 Re3 64. Bb2 Re2 65.
Bh8 Rd2+ 66. Kc5 Rd8 67. Be5 Ke6 68. Bb2 Rd5+ 69. Kb6 Rd2 70. Ba1 Rd1 71. Bh8
Rb1+ 72. Kc7 Rh1 73. Kb7 Rxh4 74. Bb2 Rh2 75. Ba1 Kd6 76. Bc3 Rc2 77. Bf6 Rxc6
78. Bb2 Rc1 79. Bf6 a1=R 80. Bxa1 Rxa1 81. Kb6 Rb1+ 82. Ka5 g5 83. Ka4 Ke5 84.
Ka3 Kf4 85. Ka2 Rb8 86. Ka3 Kxg4 87. Ka4 Kf3 88. Ka5 g4 89. Ka6 g3 90. Ka7 Rb2
91. Ka6 g2 92. Ka7 g1=Q+ 93. Ka8 Qa1# 0-1

[Event "?"]
[Site "gics rated standard game, gic"]
[Date "1997.??.??"]
[Round "?"]
[White "Brause"]
[Black "Wildsau"]
[Result "1-0"]
[WhiteElo "2085"]
[BlackElo "2160"]
[PlyCount "95"]

1. e4 e5 2. Nf3 Nc6 3. Nc3 Nf6 4. Nxe5 Nxe5 5. d4 Ng6 6. e5 Ng8 7. Bc4 d6 8.
Qf3 Qd7 9. O-O dxe5 10. dxe5 Nxe5 11. Re1 Bd6 12. Bf4 f6 13. Bb5 c6 14. Rad1
Qe6 15. Qg3 g5 16. Bxe5 fxe5 17. Qxg5 Nf6 18. Bc4 Qe7 19. Rxd6 Qxd6 20. Rxe5+
Kd8 21. Ne4 Qd1+ 22. Bf1 Bd7 23. Nxf6 Kc8 24. Nxd7 Qxd7 25. Re7 Qd6 26. Qf5+
Kd8 27. Rxb7 h6 28. Qa5+ Kc8 29. Rf7 Rb8 30. Ba6+ Rb7 31. Qf5+ Kb8 32. Rxb7+
Ka8 33. Qf7 Qd1+ 34. Bf1 Qd4 35. c3 Qc5 36. Rb3 Qb6 37. Rxb6 axb6 38. Qc7 b5
39. Qxc6+ Kb8 40. Qxb5+ Ka7 41. Bd3 Rf8 42. Qc5+ Kb7 43. Be4+ Kb8 44. Qxf8+ Kc7
45. Qe7+ Kc8 46. Qb7+ Kd8 47. Bc6 h5 48. Qd7# 1-0

[Event "?"]
[Site "gics rated lightning game, gi"]
[Date "1997.??.??"]
[Round "?"]
[White "Brause"]
[Black "Wildsau"]
[Result "1-0"]
[WhiteElo "2310"]
[BlackElo "2350"]
[PlyCount "71"]

1. e4 e5 2. Nf3 Nc6 3. Nc3 Nf6 4. Nxe5 Nxe5 5. d4 Ng6 6. e5 Ng8 7. Bc4 d6 8.
Qf3 Qd7 9. O-O dxe5 10. dxe5 Nxe5 11. Re1 f6 12. Rxe5+ fxe5 13. Qh5+ Kd8 14.
Bxg8 Qf5 15. Bg5+ Be7 16. Bxe7+ Kxe7 17. Qh4+ Ke8 18. Nd5 Qd7 19. Re1 Qd6 20.
Qh5+ g6 21. Rxe5+ Kf8 22. Qh6+ Kxg8 23. Re8+ Kf7 24. Rxh8 Qxd5 25. Qxh7+ Kf6
26. Rf8+ Ke5 27. Qxc7+ Qd6 28. f4+ Kd5 29. c4+ Kd4 30. Qxd6+ Kxc4 31. Re8 Be6
32. Rxe6 Re8 33. Rxe8 b6 34. Re4+ Kb5 35. Qd5+ Ka6 36. Ra4# 1-0

[Event "?"]
[Site "gics rated lightning game, gi"]
[Date "1997.??.??"]
[Round "?"]
[White "Brause"]
[Black "Wildsau"]
[Result "1-0"]
[WhiteElo "2310"]
[BlackElo "2350"]
[PlyCount "103"]

1. e4 e5 2. Nf3 Nc6 3. Nc3 Nf6 4. Nxe5 Nxe5 5. d4 Ng6 6. e5 Ng8 7. Bc4 d6 8.
Qf3 Qd7 9. O-O dxe5 10. dxe5 c6 11. Re1 Qc7 12. Bg5 Be6 13. Bxe6 fxe6 14. Rad1
Be7 15. Ne4 Nxe5 16. Qg3 Nf6 17. Bf4 Nfd7 18. Qxg7 Rf8 19. Ng5 Bxg5 20. Bxe5
Qd8 21. Bd6 Be7 22. Rxe6 Rf7 23. Qg8+ Rf8 24. Qxh7 Rf7 25. Qg8+ Nf8 26. Rde1 b6
27. Bxe7 Rxe7 28. Rxe7+ Qxe7 29. Rxe7+ Kxe7 30. h4 Kd6 31. Qg3+ Ke6 32. f4 Re8
33. Qg7 Kd6 34. Qxa7 Nd7 35. Qa3+ Nc5 36. b4 Ne4 37. g4 Re7 38. Qd3+ Kc7 39. a4
Nf6 40. Qg3 Nd5 41. f5+ Kb7 42. g5 Re3 43. Qxe3 Nxe3 44. f6 Nxc2 45. f7 Ne3 46.
f8=Q Nd5 47. g6 b5 48. axb5 cxb5 49. g7 Nb6 50. g8=Q Ka6 51. Qb8 Nc4 52. Qgc8#
1-0

[Event "?"]
[Site "gics rated lightning game, gi"]
[Date "1997.??.??"]
[Round "?"]
[White "Brause"]
[Black "Wildsau"]
[Result "1-0"]
[WhiteElo "2310"]
[BlackElo "2350"]
[PlyCount "59"]

1. e4 e5 2. Nf3 Nc6 3. Nc3 Nf6 4. Nxe5 Nxe5 5. d4 Nc6 6. d5 Ne5 7. f4 Ng6 8. e5
Ng8 9. d6 cxd6 10. exd6 Qh4+ 11. g3 Qf6 12. Nb5 Kd8 13. Be3 Qxb2 14. Bd4 Qb4+
15. c3 Qa5 16. f5 Ne5 17. Bxe5 a6 18. Qh5 axb5 19. Qxf7 Nh6 20. Bf6+ gxf6 21.
Qxf6+ Ke8 22. Be2 Ng4 23. Bxg4 h5 24. Kd2 Qxa2+ 25. Rxa2 Rxa2+ 26. Kd3 Ra1 27.
Rxa1 Rh7 28. Re1+ Be7 29. Rxe7+ Rxe7 30. Qxe7# 1-0